=LDR 00000nam 2200000 4500 =001 INLIS000000000014917 =005 20130612110211 =008 ***********************************Ind** =035 ##$$0010-061300000014917 =041 ##$$a Ind =082 ##$$a 398 =090 ##$$a 398, Imr b =100 ##$$a Imron, D. Zawawi =245 ##$$a Berangkat Sekolah: seri anak beriman, D. Zawawi Imron =260 ##$$a 2001 $b Yogyakarta =300 ##$$a 31 Hlm, Ilus, 15 Cm =650 ##$$a Folklor =850 ##$$a NBPNMAT